Women in industry; (Record no. 36035)

MARC details
000 -LEADER
fixed length control field 01033cam a22002651 4500
001 - CONTROL NUMBER
control field l 31000157
003 - CONTROL NUMBER IDENTIFIER
control field DLC
005 - DATE AND TIME OF LATEST TRANSACTION
control field 20260227111533.0
008 - FIXED-LENGTH DATA ELEMENTS--GENERAL INFORMATION
fixed length control field 810320s1931 dcu b f000 0 eng c
010 ## - LIBRARY OF CONGRESS CONTROL NUMBER
LC control number l 31000157
035 ## - SYSTEM CONTROL NUMBER
System control number (OCoLC)7245564
040 ## - CATALOGING SOURCE
Original cataloging agency Library, U.S. Dept. of Labor
Transcribing agency ViBlbV
Modifying agency OCoLC
-- DLC
042 ## - AUTHENTICATION CODE
Authentication code premarc
050 00 - LIBRARY OF CONGRESS CALL NUMBER
Classification number HD6093
Item number .A35 no. 91
100 1# - MAIN ENTRY--PERSONAL NAME
Personal name Pidgeon, Mary Elizabeth.
245 10 - TITLE STATEMENT
Title Women in industry;
Remainder of title a series of papers to aid study groups,
Statement of responsibility, etc. by Mary Elizabeth Pidgeon.
260 ## - PUBLICATION, DISTRIBUTION, ETC.
Place of publication, distribution, etc. Washington,
Name of publisher, distributor, etc. U.S. Govt. print. off.,
Date of publication, distribution, etc. 1931.
300 ## - PHYSICAL DESCRIPTION
Extent viii, 79 p.
Dimensions 23 cm.
490 1# - SERIES STATEMENT
Series statement Bulletin of the [U. S.] Women's bureau,
Volume/sequential designation no. 91
500 ## - GENERAL NOTE
General note At head of title: United States Department of labor. W. N. Doak, secretary. Women's bureau. Mary Anderson, director.
504 ## - BIBLIOGRAPHY, ETC. NOTE
Bibliography, etc. note "List of references": p. viii.
650 #0 - SUBJECT ADDED ENTRY--TOPICAL TERM
Topical term or geographic name entry element Women
General subdivision Employment
Geographic subdivision United States.
710 1# - ADDED ENTRY--CORPORATE NAME
Corporate name or jurisdiction name as entry element United States.
Subordinate unit Women's Bureau.
810 1# - SERIES ADDED ENTRY--CORPORATE NAME
Corporate name or jurisdiction name as entry element United States.
Subordinate unit Women's Bureau.
Title of a work Bulletin - Women's Bureau ;
Volume/sequential designation no. 91.

No items available.

Powered by Koha